Statistics for British Places A-Z

Click here to take the quiz!

General Stats

  • This quiz has been taken 37,058 times
  • The average score is 14 of 25

Answer Stats

Hint City % Correct
LCapital of EnglandLondon
97%
CCapital of WalesCardiff
95%
DFamous for white cliffsDover
91%
MCity at the forefront of the
Industrial Revolution
Manchester
88%
AScotland's third biggest cityAberdeen
87%
BWhere Brummies liveBirmingham
83%
NCity upon the TyneNewcastle
79%
RTown that gave its name to a sportRugby
79%
YFamous walled city of
Northern England
York
72%
ICapital of the Scottish highlandsInverness
72%
HWhere Harold met his end in 1066Hastings
68%
SShakespeare's home townStratford-
upon-Avon
66%
WHome of football's WolvesWolverhampton
65%
ETony Blair's home townEdinburgh
57%
PWhere Drake awaited the
Spanish Armada
Plymouth
53%
OMost likely place to find a DonOxford
50%
KFull name of HullKingston
upon Hull
50%
GCathedral city on the river SevernGloucester
38%
TCathedral city in CornwallTruro
34%
UTown in West LondonUxbridge
30%
FTown that "guards" the southwest
coast of Wales
Fishguard
18%
JTown in Tyne and WearJarrow
18%
VSeaside resort on the Isle of WightVentnor
13%
QHome of Black Dyke MillsQueensbury
6%
Z"Zealous" village in WiltshireZeals
4%

Score Distribution

Percentile by Number Answered

Percent of People with Each Score

Your Score History

You have not taken this quiz